Alles mit U - Geografie - Statistiken

Allgemein
  • Dieses Quiz wurde 199 mal gespielt
  • Das Durchschnittsergebnis liegt bei 12 aus 18
Antwortstatistiken
Hint Antwort % Korrekt
Gebirge in Russland, Teil der Grenze von Europa zu Asien Ural
95%
einziger US-Bundesstaat mit U Utah
92%
Uruguay
91%
Usbekistan
89%
Länder Uganda
88%
Deutsche Städte Ulm
83%
Ungarn
83%
Ostseeinsel, die zu Deutschland und ein Kleiner Teil zu Polen gehört Usedom
83%
Ukraine
68%
Landschaft in Nordostdeutschland, zum größten Teil in Brandenburg, dort wuchs Angela Merkel an Uckermark
67%
Kanton in der Zentralschweiz Uri
66%
Hauptstädte Ulan bator
65%
roter Berg in der zentralaustralischen Wüste Uluru
65%
italienische Region mit der Hauptstadt Perugia, hat als einzige Region keinen Zugang zum Meer Umbrien
63%
Großstadt in Schweden mit der ältesten Universität Skandinaviens Uppsala
62%
norwegische Insel, auf der 2011 ein schreckliches Massaker geschah Utoya
25%
Hafenstadt in Südkorea, Sitz von Hyundai, grenzt an das Japanische Meer Ulsan
11%
russische Stadt an der Wolga, die nach dem Revolutionsführer W.I. Leninbenannt wurde (dessen richtiger Name) Uljanowsk
7%
Keine übereinstimmenden Quizze gefunden
Verteilung der Resultate
Anzahl Personen mit jedem Resultat
Perzentil nach korrekt beantworteten Fragen
Ihre Resultats-Entwicklung
Sie haben dieses Quiz noch nicht gespielt